000 00767nam a22001337a 4500
040 _cRUA
082 _aAGR BUT 2013 B057 Or.1
100 _aBUT, SYNA.
245 _aComparison of irrigation system on chilly pepper yield in crop station at royal university of agriculture, ការប្រៀបធៀបប្រព័ន្ធស្រោចស្រពលើទិន្នផលម្ទេសដៃនាងនៅក្នុងស្ថានីយ៍ពិសោធន៍ដំណាំនៃសាកលវិទ្យាល័យភូមិន្ទកសិកម្ម
260 _aPhnom Penh
_bRUA
_c2013
300 _axi; 48p.
_bill.
_c29cm.
856 _uhttps://drive.google.com/file/d/11qGEdiOLehfvoeTcQ7xVwscvRrWqJ0k6/view?usp=sharing
942 _cAGR
999 _c1305
_d1305